000 00605nam a2200169Ia 4500
003 GCL
008 140319s9999 xx 000 0 ara d
040 _aGCL /
_cGCL
082 0 4 _a590.1
_bا د
100 1 _aالسيد الصديق العونى
245 1 0 _aالديدان الشريطية بنيتها الشريحية واثارها الصحية /
_cالسيد الصديق العونى
700 1 _aالدروق مصباح السنوسى
260 _a[S.N] :
_bالدار العربية للتوزيع والنشر
490 _a
650 0 4 _aالديدان الشريطية
942 _2ddc
_cBK
999 _c53798
_d53798